Obozy dla ludności niemieckiej na Śląsku Opolskim: typowe czy wyjątkowe

Titel: Obozy dla ludności niemieckiej na Śląsku Opolskim: typowe czy wyjątkowe
Verfasser:
In: Borussia, Heft 29 (2003), Seite 172-180
alle Artikel anzeigen
Veröffentlicht: 2003
Format: Aufsatz
Sprache: Polnisch
Kein Bild verfügbar
X
alg: 39500281
001A    $01999:12-11-16 
001B    $01999:04-08-21 $t21:01:46.000 
001C    $06050:19-11-16 $t09:35:23.000 
001D    $01999:12-11-16 
001U    $0utf8 
001X    $00 
002@    $0Aox 
003@    $0395002818 
007A    $0395002818 $aHEB 
007T    $0Herd67029 
010@    $apol 
011@    $a2003 
021A    $aObozy dla ludności niemieckiej na Śląsku Opolskim: typowe czy wyjątkowe 
028A    $aLinek $dBernard 
031A    $e29 $h172-180 $j2003 
039B    $aIn $8--Abvc--. Borussia. - Olsztyn : [Verlag nicht ermittelbar], 1991-2017. - ISSN 0867-6402 $x200300000000029828 $9048604585 
039T    $8--Aau--Nowak, Edmund$Z1945- [Tp1]. Obozy na Śla̜sku Opolskim w systemie powojennych obozów w Polsce. - Opole : Wyd. Uniwersytetu Opolskiego {[u.a.], 2002. - 414. - Ill., Kt. - ISBN 83-88796-85-2 $9118861905 
045F    $a900.9438 $eDDC23BSB 
045F/01 $a900 
045F/03 $g438 
045F/03 $g4385 
045T    $a8,1 $a7,41 

lok: 39500281 78

exp: 39500281 78 1 #EPN
201B/01 $018-11-16 $t13:24:10.000 
201U/01 $0utf8 
203@/01 $0791301435 
208@/01 $a12-11-16 $be 
209A/01 $a/ $f000 $x00 
220C/01 $aTitelaufnehmer: jk 
220C/01 $aHerkunft: HI Marburg;PBB/IH PAN 
220C/01 $aAnmerkung: Lager für die deutsche Bevölkerung im Oppelner Schlesien: Ausnahme oder Regel 
244Z/01 $2Trx $#Silesia $#Śląsk $#Sliezsko $#Slezsko $8--Trx--Schlesien $x01 $9391173987 
244Z/01 $2Trx $#Poola $#Lenkija $#Polija $#Polen Land $#Poland $#Lengyelország $#Poľsko $#Polsko $8--Trx--Polska$gkraj $x02 $9391345966 
244Z/01 $2Trx $#arvustused $#recenzijos $#Reviews $#recenziók $#recenzje $#recenzie $#recenze $8--Trx--Rezensionen $x03 $9391357441 
247C/01 $82080>Marburg/Lahn, Herder-Institut, Forschungsbibliothek, Bibliographieportal $9336309341
LEADER 00000caa a22000002c 4500
001 395002818
003 DE-603
005 20210804210146.0
007 tu
008 161112s2003 xx |||| | u00||u|pol c
035 |a (DE-599)HEB395002818 
040 |a DE-603  |b ger  |c DE-603  |d DE-603 
041 |a pol 
082 0 4 |8 1\u  |a 900.9438  |q DE-101  |2 23/BSB 
084 |a 8,1  |a 7,41  |2 ssgn 
085 |8 1\u  |b 900 
085 |8 1\u  |z 2  |s 438 
085 |8 1\u  |z 2  |s 4385 
100 1 |a Linek, Bernard 
245 0 0 |a Obozy dla ludności niemieckiej na Śląsku Opolskim: typowe czy wyjątkowe 
264 0 |c 2003 
773 0 8 |i In  |t Borussia  |d Olsztyn : [Verlag nicht ermittelbar], 1991-2017  |x 0867-6402  |g Heft 29 (2003), Seite 172-180  |w (DE-603)048604585  |w (DE-600)1110008-4 
787 0 8 |i Rezension von  |a Nowak, Edmund, 1945-  |t Obozy na Śla̜sku Opolskim w systemie powojennych obozów w Polsce  |d Opole : Wyd. Uniwersytetu Opolskiego ˜[u.a.], œ2002  |h 414, Ill., Kt  |z 8388796852  |w (DE-603)118861905 
924 0 |9 2080  |a (DE-603)791301435  |b DE-2080  |c HES  |d d  |g /